000
00286nam a22001217a 4500
082
_a
030
_b
HAR/D
100
_a
HARSHANANDA, SWAMI
245
_a
A DICTIONARY OF ADVAITA VEDANTA
260
_a
BANGALORE
_b
RAMAKRISHNA MATH
_c
1990
300
_a
100
650
_a
DICTIONARY
_z
INDIA
942
_c
BK
999
_c
2094
_d
2094